000 00436nam a2200169Ia 4500
008 090124s9999 xx 000 0 und d
082 _b5590
_a529
100 _aसबनीस पां.जी.
245 _a रुसो
250 _a1
260 _c1937
600 _aसबनीस पां.जी.
630 _a रुसो
700 _aसबनीस पां.जी.
730 _a रुसो
942 _cBOOK
999 _c119531
_d119531